000
00508nam a2200133Ia 4500
008
151213s9999 xx 000 0 und d
100
_a
সৈয়দ মনজুরুল ইসলাম।
245
_a
নন্দনতত্ত্ব।
_c
সৈয়দ মনজুরুল ইসলাম।
260
_a
ঢাকা
_b
বাংলা একাডেমী।
_c
1986
300
_a
8848 p.
650
_a
Bangla
700
_a
সৈয়দ মনজুরুল ইসলাম।
999
_c
4633
_d
4633